| 000 | 00816cab a2200277 4500 | ||
|---|---|---|---|
| 001 | WB3143-34 | ||
| 008 | 090401t1995 xxu||||| |||| 00| 0 eng d | ||
| 035 | _a(Sirsi) u28776 | ||
| 041 | _aeng | ||
| 245 | _aPublic land sales will wreck market | ||
| 260 | _c1995 | ||
| 350 | _a0 | ||
| 490 |
_aEstates Times _v(1302) 10 November 1995, 1(1) |
||
| 520 | _aThe Commission for the New Towns is warning government that disposal of publicly owned land and property assets could drive down prices for the next 7-10 years. | ||
| 650 | _aCOMMISSION FOR THE NEW TOWNS | ||
| 650 | _aDISPOSAL PROGRAMME | ||
| 650 | _aDISPOSAL | ||
| 650 | _aLAND MARKET | ||
| 650 | _aLAND SALES | ||
| 650 | _aPUBLIC LAND | ||
| 650 | _aSURPLUS LAND | ||
| 650 | _aVALUES | ||
| 690 | _aLAND | ||
| 942 | _n0 | ||
| 948 | _c04/03/1997 | ||
| 999 |
_c19353 _d19353 |
||